El temblor del ser: cuerpo y afectividad en el pensamiento tardío de Martin Heidegger

Gorde:
Xehetasun bibliografikoak
Egile nagusia: Bulo Vargas, Valentina (Egilea)
Formatua: Liburua
Hizkuntza:gaztelania
Argitaratua: Buenos Aires Biblos 2012
Edizioa:1a. ed
Saila:Filosofía
Gaiak:
Etiketak: Etiketa erantsi
Etiketarik gabe, Izan zaitez lehena erregistro honi etiketa jartzen!

MARC

LEADER 00000cam a2200000 a 4500
001 UCF7533
003 CL-VaPUC
005 20211015141239.0
008 130627e20120000AG |||||||||||||||||spa|d
999 |c 352356  |d 352354 
020 |a 9789876910736 
040 |c Pontificia Universidad Católica de Valparaíso 
082 0 4 |a 193  |b BUL  |2 21 
100 0 |a Bulo Vargas, Valentina  |e author  |9 569581 
245 1 3 |a El temblor del ser: cuerpo y afectividad en el pensamiento tardío de Martin Heidegger 
250 |a 1a. ed 
260 |a Buenos Aires  |b Biblos  |c 2012 
300 |a 126 p 
490 0 |a Filosofía 
583 |a last modification  |c 20130627 13:18:00  |k Rodrigo Vera 
600 0 |a Heidegger, Martin,  |d 1889-1976  |9 863140 
650 0 |a Filosofía moderna  |9 258121 
650 0 |a Filosofía alemana   |9 265002 
650 7 |a FILOSOFOS ALEMANES  |2 CL-VaPUC  |9 569582 
942 |c BK  |2 ddc 
945 |d 20130627 00:00:00  |a dcastane 
952 |0 0  |1 0  |4 0  |6 193_000000000000000_BUL_2012  |7 0  |8 A  |9 456844  |a BIBEDU  |b BIBEDU  |d 2019-11-22  |i 4980409  |l 4  |m 2  |o 193 BUL 2012  |p 4980409  |q 2024-08-02  |r 2024-07-03  |s 2024-07-03  |w 2019-11-22  |y BK  |k FIL